| 000 | 00808fam a2200265 a 4500 | ||
|---|---|---|---|
| 005 | 20260322212054.0 | ||
| 008 | data | ||
| 010 | _a 91035424 //r92 | ||
| 020 | _a0898627982 (alk. paper) | ||
| 020 | _a9780898627985 (alk. paper) | ||
| 040 |
_aDNLC/DLC _cDLC _dDLC |
||
| 050 | 0 | 0 |
_aRC480 _b.P8255 1992 |
| 060 | _aWM 420 P97547 | ||
| 096 | _aWM 420 P97547 1992 | ||
| 245 | 0 | 0 |
_aPsychotherapy for the 1990s / _cedited by J. Scott Rutan. |
| 260 |
_aNew York : _bGuilford Press, _cc1992. |
||
| 300 |
_axiii, 378 p. ; _c24 cm. |
||
| 504 | _aIncludes bibliographical references and index. | ||
| 590 | _aIncludes bibliographical references and index. | ||
| 650 | 0 | _aPsychotherapy. | |
| 650 | 0 |
_aPsychotherapy _xSocial aspects. |
|
| 650 | 2 |
_aPsychotherapy _xtrends. |
|
| 700 | 1 | _aRutan, J. Scott. | |
| 001 | data | ||
| 999 |
_c1291 _d1291 |
||